| 000 | 00727nam a22001817a 4500 | ||
|---|---|---|---|
| 999 |
_c11469 _d11469 |
||
| 003 | AR-CdUCM | ||
| 008 | 190401b ||||| |||| 00| 0 spa d | ||
| 040 |
_aMUNICIPALIDAD PROVINCIAL DEL CUSCO _cBIBLIOTECA MUNICIPAL DEL CUSCO |
||
| 082 |
_aES / 463 / _bN18 |
||
| 110 |
_aNakal _927389 |
||
| 245 |
_aDiccionario ilustrado : _bDe la lengua castellana / |
||
| 260 |
_aPerú : _bFondo editorial navarrete, |
||
| 300 |
_a735 paginas ; _c16 cm. |
||
| 505 | _aContenido :Vocabulario técnico de medicina -- Vocabulario técnico de sonido -- Vocabulario técnico de robótica -- Vocabulario técnico de televisión vidéo -- Vocabulario técnico de láser ... | ||
| 650 |
_aDiccionario _95196 |
||
| 942 |
_2ddc _cLIBROS |
||
| 945 | _arum | ||